000 00475nam a2200169Ia 4500
999 _c30054
_d30054
003 OSt
005 20210101122527.0
008 190216s9999||||xx |||||||||||||| ||und||
040 _coclc
082 _a954.83
_bGOP/K
100 _aGopinathan, R
_97783
245 0 _aKeralathanima /
_cR Gopinathan
260 _bHeritage Studies,
_c2010.
_aThiruvananthapuram:
300 _a536p
650 _aPadanam
942 _cBK
_2ddc
_h954.83
_iGOP/K
_k954.83
_mGOP/K